Examen del movimiento : el enfoque psicomotor neurofuncional /

Detalles Bibliográficos
Autor principal: Simonetta, Elena (Autor)
Otros Autores: Tripaldi Proaño, Daniela (Traductor), Proaño Arias, Elida Margarita (Traductor)
Formato: Electrónico eBook
Lenguaje:español
italiano
Publicado: Cuenca, Ecuador : Universidad del Azuay, Casa Editora, [2023]
Colección:Homo (Universidad del Azuay, Casa Editora)
Materias:
Acceso en línea:Digitalia Hispánica

MARC

LEADER 00000nam a2200000 i 4500
001 DIGUAZUAY0236
003 NyNyDIG
007 cr |||||||||||
008 260116s2023 ec a ob 000 0 spa d
006 m o d
035 |a (OCoLC)1500718346 
040 |a DGITA  |b eng  |e rda  |e pn  |c DGITA 
020 |a 9789942645340  |q eBook 
020 |z 9789942645333 
041 1 |a spa  |h ita 
050 1 4 |a BF295.5 ebook 
100 1 |a Simonetta, Elena,  |e author. 
240 1 0 |a Esame del movimento.  |l Spanish  |s (Tripaldi Proaño and Proaño) 
245 1 0 |a Examen del movimiento :  |b el enfoque psicomotor neurofuncional /  |c Elena Simonetta ; del texto en español, Daniela Tripaldi Proaño, Margarita Proaño. 
264 1 |a Cuenca, Ecuador :  |b Universidad del Azuay, Casa Editora,  |c [2023] 
300 |a 1 online resource :  |b illustrations. 
336 |a text  |b txt  |2 rdacontent 
337 |a computer  |b c  |2 rdamedia 
338 |a online resource  |b cr  |2 rdacarrier 
347 |a text file  |2 rdaft 
347 |b PDF 
490 1 |a Homo 
504 |a Includes bibliographical references. 
588 0 |a Online resource; title from PDF title page (Digitalia, viewed January 16, 2026) 
650 0 |a Motor ability  |x Testing. 
700 1 |a Tripaldi Proaño, Daniela,  |e translator. 
700 1 |a Proaño Arias, Elida Margarita,  |e translator. 
700 1 |i Translation of:  |a Simonetta, Elena.  |t Esame del movimento. 
791 2 |a Digitalia (Firm),  |e distributor. 
793 0 |g Digitalia eBook Collection:  |a Universidad del Azuay 
776 0 8 |i Print version:  |a Simonetta, Elena.  |s Esame del movimento. Spanish (Tripaldi Proaño and Proaño).  |t Examen del movimiento.  |d Cuenca, Ecuador : Universidad del Azuay, Casa Editora, [2023]  |z 9789942645333 
830 0 |a Homo (Universidad del Azuay, Casa Editora) 
856 4 0 |3 Digitalia Hispánica  |u https://www.digitaliapublishing.com/a/170464/ 
910 |a Premium collection: 2026